000 00847cam a2200253 4500
999 _c27602
_d27602
001 1306267
005 20170209113413.0
008 700302s1970 iau b 000 0 eng
010 _a 77098544
020 _a0697060144
050 0 0 _aLB1775 .B72 1970
100 1 _aBrubaker, Dale L.
245 1 4 _aThe teacher as a decision-maker
_c[by] Dale L. Brubaker.
260 _aDubuque, Iowa,
_bW. C. Brown Co.
_c[1970]
300 _axviii, 212 p.
_c23 cm.
504 _aIncludes bibliographical references.
650 0 _aTeacher participation in administration.
650 0 _aTeacher participation in curriculum planning.
650 0 _aTeacher participation in educational counseling.
942 _2lcc
_cBOOKS